| 000 | 00610nam a22002177a 4500 | ||
|---|---|---|---|
| 005 | 20220727170213.0 | ||
| 008 | 220726b ||||| |||| 00| 0 eng d | ||
| 040 | _cAL | ||
| 041 | _aEnglish | ||
| 082 |
_223 _a294.49092 _bMAHA |
||
| 100 |
_aYuvacharya Mahapragya _953679 |
||
| 245 | _aAcharya Tulsi: A Peacemaker Par Excellence | ||
| 260 |
_aLadnun _bJain vishva Bharati _c1992 |
||
| 300 |
_a58 p. _bPB _c21x14 cm. |
||
| 650 |
_aTulsi, Acharya _953514 |
||
| 650 |
_aIndia _953680 |
||
| 650 | _2Jainism | ||
| 700 |
_aMAHAPRAGYA (Yuvacharya) _953515 |
||
| 700 |
_aGANDHI (S L) Ed _953681 |
||
| 942 |
_2ddc _cGF |
||
| 999 |
_c224211 _d224211 |
||